[Event "Medellin Sub zt 2.3.2"]
[Site "Medellin"]
[Date "2025.04.17"]
[Round "6"]
[White "Hernandez Serrano, Cristhian Daniel"]
[Black "Garvin Mejia, Ricardo Luis"]
[Result "1-0"]
[WhiteElo "1877"]
[BlackElo "1759"]
[PlyCount "48"]
[EventDate "2025.04.14"]
[EventType "swiss"]
[EventRounds "9"]
[EventCountry "COL"]
[SourceTitle "CB18_2025"]
[SourceDate "2025.04.30"]
[SourceVersion "1"]
[SourceVersionDate "2025.04.30"]
[SourceQuality "1"]

1. d4 Nf6 2. c4 c5 3. d5 b5 4. cxb5 a6 5. bxa6 g6 6. Nc3 Bg7 7. e4 d6 8. Nf3 Nbd7 9. Be2 Qa5 10. 0-0 Bxa6 11. Re1 0-0 12. a4 Bxe2 13. Qxe2 Ng4 14. Nd2 h5 15. h3 Nh6 16. Nc4 Qb4 17. Bd2 Nb6 18. Nxb6 Qxb6 19. Nb5 Rfb8 20. Qc4 Kf8 21. Rab1 f6 22. b3 Nf7 23. Qd3 Rc8 24. Qg3 g5 1-0

[Event "Medellin Sub zt 2.3.2"]
[Site "Medellin"]
[Date "2025.04.16"]
[Round "5"]
[White "De Jesus Rosa, Michel"]
[Black "Hernandez Serrano, Cristhian Daniel"]
[Result "1-0"]
[WhiteElo "2082"]
[BlackElo "1877"]
[PlyCount "47"]
[EventDate "2025.04.14"]
[EventType "swiss"]
[EventRounds "9"]
[EventCountry "COL"]
[SourceTitle "CB18_2025"]
[SourceDate "2025.04.30"]
[SourceVersion "1"]
[SourceVersionDate "2025.04.30"]
[SourceQuality "1"]

1. b3 Nf6 2. Bb2 d6 3. g3 Nbd7 4. Bg2 g6 5. d4 Bg7 6. Nf3 0-0 7. 0-0 e5 8. dxe5 Ng4 9. Qd2 Ngxe5 10. c4 Nxf3+ 11. Bxf3 Bxb2 12. Qxb2 Ne5 13. Bg2 c6 14. Nc3 f5 15. Qd2 Qe7 16. Rad1 Rd8 17. e4 Be6 18. f4 Ng4 19. Rfe1 Qc7 20. exf5 Qb6+ 21. Qd4 Bxf5 22. h3 Nf6 23. g4 Bc8 24. c5 1-0

[Event "Bucaramanga Santander-ch"]
[Site "Bucaramanga"]
[Date "2024.03.09"]
[Round "5"]
[White "Hernandez Serrano, Cristhian Daniel"]
[Black "Albarracin Ramirez, Jose Luis"]
[Result "1-0"]
[WhiteElo "1834"]
[BlackElo "1718"]
[PlyCount "53"]
[EventDate "2024.03.08"]
[EventType "swiss"]
[EventRounds "7"]
[EventCountry "COL"]
[SourceTitle "CBM 219 Extra"]
[Source "ChessBase"]
[SourceDate "2024.05.31"]
[SourceVersion "1"]
[SourceVersionDate "2024.05.31"]
[SourceQuality "1"]

1. d4 Nf6 2. c4 g6 3. Nc3 d5 4. Nf3 Bg7 5. Bf4 c6 6. e3 0-0 7. Rc1 Qa5 8. Bd3 dxc4 9. Bxc4 b5 10. Bb3 Bb7 11. 0-0 Nbd7 12. Ne5 Rad8 13. Qe2 Nh5 14. Ne4 Nxf4 15. exf4 Nxe5 16. dxe5 Qb6 17. Nc5 Rd4 18. e6 Qc7 19. exf7+ Kh8 20. Ne6 Qd6 21. Nxf8 Bxf8 22. Qe5+ Qxe5 23. fxe5 Kg7 24. Rfd1 Re4 25. e6 Bc8 26. Rxc6 Bb7 27. Rc7 1-0

[Event "Bucaramanga Santander-ch"]
[Site "Bucaramanga"]
[Date "2024.03.08"]
[Round "1"]
[White "Hernandez Serrano, Cristhian Daniel"]
[Black "Gonzalez Gonzalez, Mario Jesus"]
[Result "1-0"]
[WhiteElo "1834"]
[BlackElo "1591"]
[PlyCount "37"]
[EventDate "2024.03.08"]
[EventType "swiss"]
[EventRounds "7"]
[EventCountry "COL"]
[SourceTitle "CBM 219 Extra"]
[Source "ChessBase"]
[SourceDate "2024.05.31"]
[SourceVersion "1"]
[SourceVersionDate "2024.05.31"]
[SourceQuality "1"]

1. d4 d5 2. Nf3 Nc6 3. c4 e6 4. Nc3 Nf6 5. Bg5 Be7 6. e3 0-0 7. Rc1 a6 8. Ne5 Re8 9. Nxc6 bxc6 10. c5 Rb8 11. Qc2 Nd7 12. Bxe7 Qxe7 13. f4 f6 14. Bd3 g6 15. 0-0 e5 16. fxe5 fxe5 17. Bxg6 hxg6 18. Qxg6+ Kh8 19. Rf7 1-0

[Event "COL-ch U20"]
[Site "Cali"]
[Date "2024.03.01"]
[Round "4"]
[White "Hernandez Serrano, Cristhian Daniel"]
[Black "Chavez Duero, Brayan Steven"]
[Result "0-1"]
[WhiteElo "1708"]
[BlackElo "2062"]
[PlyCount "106"]
[EventDate "2024.02.28"]
[EventType "swiss"]
[EventRounds "9"]
[EventCountry "COL"]
[SourceTitle "CBM 219 Extra"]
[Source "ChessBase"]
[SourceDate "2024.05.31"]
[SourceVersion "1"]
[SourceVersionDate "2024.05.31"]
[SourceQuality "1"]

1. d4 Nf6 2. c4 c5 3. Nf3 cxd4 4. Nxd4 e6 5. Nc3 Bb4 6. Bd2 0-0 7. Nc2 Be7 8. g3 Nc6 9. Bg2 b6 10. 0-0 Bb7 11. Bf4 d6 12. Nb5 Ne8 13. Ncd4 Qd7 14. Nxc6 Bxc6 15. Bxc6 Qxc6 16. Qb3 a6 17. Nd4 Qb7 18. Be3 Nf6 19. Rfd1 Rfd8 20. Rac1 Ne4 21. Qa4 Rac8 22. f3 Nc5 23. Qc2 Bf6 24. Nb3 Na4 25. Na5 Qd7 26. Nb7 Nxb2 27. Nxd8 Nxd1 28. Rxd1 Bxd8 29. Qd2 Rc6 30. Qb4 h6 31. Qa4 Qb7 32. Bf4 Be7 33. Rb1 Qc8 34. Qb4 Bf6 35. Be3 Bd8 36. Rd1 Be7 37. Rb1 Kh7 38. Qb3 Rxc4 39. Qd3+ g6 40. Rxb6 d5 41. Kg2 a5 42. Bd4 Qc7 43. Ra6 e5 44. Ra7 Qd6 45. Bc3 a4 46. Ra5 Qe6 47. Ra8 Qc6 48. Ra7 Rxc3 49. Qd1 Qd6 50. Rxa4 d4 51. Ra8 Qd7 52. Qa1 Rc2 53. Qd1 d3 0-1

[Event "COL-ch U20"]
[Site "Cali"]
[Date "2024.02.29"]
[Round "2"]
[White "Hernandez Serrano, Cristhian Daniel"]
[Black "Bolanos Lopez, Juan Jacobo"]
[Result "0-1"]
[WhiteElo "1708"]
[BlackElo "2075"]
[PlyCount "64"]
[EventDate "2024.02.28"]
[EventType "swiss"]
[EventRounds "9"]
[EventCountry "COL"]
[SourceTitle "CBM 219 Extra"]
[Source "ChessBase"]
[SourceDate "2024.05.31"]
[SourceVersion "1"]
[SourceVersionDate "2024.05.31"]
[SourceQuality "1"]

1. d4 d5 2. Nf3 Nf6 3. c4 e6 4. g3 Be7 5. Bg2 0-0 6. 0-0 dxc4 7. Qc2 b5 8. a4 b4 9. Nfd2 Nd5 10. Nxc4 c5 11. dxc5 Ba6 12. Ne3 Nd7 13. Nxd5 exd5 14. Rd1 Rc8 15. c6 Ne5 16. Bxd5 Nxc6 17. Qe4 Bf6 18. Be3 Re8 19. Qf4 Qd7 20. Bb3 Qh3 21. Rd6 Ne5 22. Rxf6 gxf6 23. Qxf6 Qxh2+ 24. Kxh2 Ng4+ 25. Kg2 Nxf6 26. Kf3 Bb7+ 27. Kf4 Re4+ 28. Kf5 Nh5 29. Nd2 Ng7+ 30. Kg5 h6+ 31. Kxh6 Rc6+ 32. Kg5 Rg6# 0-1

[Event "Medellin de La Raza op"]
[Site "Medellin"]
[Date "2023.10.14"]
[Round "5"]
[White "Hernandez Serrano, Cristhian Daniel"]
[Black "Munoz Triana, Joseph Steve"]
[Result "0-1"]
[WhiteElo "1710"]
[BlackElo "1912"]
[PlyCount "120"]
[EventDate "2023.10.12"]
[EventType "swiss"]
[EventRounds "10"]
[EventCountry "COL"]
[SourceTitle "CBM 216 Extra"]
[Source "ChessBase"]
[SourceDate "2023.11.30"]
[SourceVersion "1"]
[SourceVersionDate "2023.11.30"]
[SourceQuality "1"]

1. d4 d5 2. Nf3 Nf6 3. c4 e6 4. g3 Be7 5. Bg2 0-0 6. 0-0 c6 7. Qc2 b6 8. Nbd2 Bb7 9. e4 Na6 10. b3 c5 11. exd5 exd5 12. Rd1 Qc7 13. Bb2 Rad8 14. dxc5 Nxc5 15. Be5 Qc8 16. Ng5 d4 17. Bxb7 Qxb7 18. Qf5 Qd7 19. Qf3 h6 20. Nge4 Nfxe4 21. Nxe4 Qe6 22. Nxc5 bxc5 23. Re1 Qd7 24. Rad1 a5 25. Bf4 Rfe8 26. Re4 Bf8 27. Rde1 a4 28. Rxe8 Rxe8 29. Rxe8 Qxe8 30. Qd5 axb3 31. axb3 Qe2 32. Kg2 d3 33. Be3 Qc2 34. Qd8 h5 35. Kf3 Qxb3 36. Qd5 d2 37. Ke2 d1Q+ 38. Qxd1 Qxc4+ 39. Qd3 Qg4+ 40. Ke1 Qh3 41. Qd8 Qf5 42. Ke2 c4 43. h4 Qb5 44. Ke1 Qb4+ 45. Ke2 Qb5 46. Ke1 c3 47. Qc8 Qd3 48. Bf4 c2 49. Bd2 Kh7 50. Qxf8 Qf3 51. Kf1 Qd1+ 52. Kg2 Qxd2 53. Qxf7 c1Q 54. Qf5+ Kg8 55. Qe6+ Kf8 56. Qf5+ Ke7 57. Qe5+ Kd8 58. Qb8+ Qc8 59. Qb6+ Qc7 60. Qe6 Qb7+ 0-1

[Event "Bucaramanga op"]
[Site "Bucaramanga"]
[Date "2023.09.10"]
[Round "9"]
[White "Hernandez Serrano, Cristhian Daniel"]
[Black "Morales Perez, Ghisell Gabriela"]
[Result "0-1"]
[WhiteElo "1722"]
[BlackElo "1447"]
[PlyCount "62"]
[EventDate "2023.09.06"]
[EventType "swiss"]
[EventRounds "9"]
[EventCountry "COL"]
[SourceTitle "CBM 216 Extra"]
[Source "ChessBase"]
[SourceDate "2023.11.30"]
[SourceVersion "1"]
[SourceVersionDate "2023.11.30"]
[SourceQuality "1"]

1. d4 Nf6 2. c4 g6 3. g3 Bg7 4. Bg2 d6 5. Nc3 0-0 6. Nf3 c5 7. 0-0 Nc6 8. d5 Nb4 9. Nd2 Rb8 10. b3 Nfxd5 11. Bxd5 Bxc3 12. Rb1 Bh3 13. Re1 Nc6 14. Bb2 Bxb2 15. Rxb2 e6 16. Bxc6 bxc6 17. Ne4 d5 18. cxd5 cxd5 19. Nxc5 Qe7 20. b4 Rfd8 21. a3 Qf6 22. Rd2 h5 23. e4 Bg4 24. Qc2 Rbc8 25. exd5 exd5 26. Qb3 Re8 27. Rxe8+ Rxe8 28. Kg2 d4 29. Qd5 Rd8 30. Qb7 h4 31. h3 Bc8 0-1

[Event "Bucaramanga op"]
[Site "Bucaramanga"]
[Date "2023.09.07"]
[Round "3"]
[White "Hernandez Serrano, Cristhian Daniel"]
[Black "Valle, Efrain"]
[Result "0-1"]
[WhiteElo "1722"]
[BlackElo "1974"]
[PlyCount "70"]
[EventDate "2023.09.06"]
[EventType "swiss"]
[EventRounds "9"]
[EventCountry "COL"]
[SourceTitle "CBM 216 Extra"]
[Source "ChessBase"]
[SourceDate "2023.11.30"]
[SourceVersion "1"]
[SourceVersionDate "2023.11.30"]
[SourceQuality "1"]

1. d4 Nf6 2. c4 g6 3. g3 Bg7 4. Bg2 0-0 5. Nc3 d6 6. Nf3 c6 7. 0-0 Qc7 8. h3 e5 9. e4 Nbd7 10. Be3 Re8 11. Re1 a6 12. Rc1 Qb8 13. dxe5 dxe5 14. Qb3 b5 15. cxb5 axb5 16. Ng5 Rf8 17. a3 h6 18. Nf3 Re8 19. Nh4 Nf8 20. f4 Nh5 21. f5 g5 22. g4 Nf4 23. Bxf4 exf4 24. Nf3 Nd7 25. h4 gxh4 26. Nxh4 Ne5 27. Qd1 Qb6+ 28. Kh1 Qf2 29. Nf3 Nxg4 30. Qd6 Ne5 31. Re2 Qg3 32. Rf1 b4 33. Nxe5 Qh4+ 34. Kg1 Bxe5 35. Qxb4 Ba6 0-1

[Event "COL-ch U18"]
[Site "Bogota"]
[Date "2023.05.13"]
[Round "5"]
[White "Rueda Rojas, Richard Alejandro"]
[Black "Hernandez Serrano, Cristhian Daniel"]
[Result "1-0"]
[WhiteElo "1708"]
[BlackElo "1849"]
[PlyCount "72"]
[EventDate "2023.05.11"]
[EventType "swiss"]
[EventRounds "7"]
[EventCountry "COL"]
[SourceTitle "CBM 214 Extra"]
[Source "ChessBase"]
[SourceDate "2023.07.31"]
[SourceVersion "1"]
[SourceVersionDate "2023.07.31"]
[SourceQuality "1"]

1. d4 Nf6 2. c4 e6 3. Nc3 Bb4 4. Bd2 b6 5. Nf3 Bb7 6. g3 0-0 7. Bg2 Bxc3 8. Bxc3 Ne4 9. Qc2 Nxc3 10. Ng5 Be4 11. Nxe4 Nxe4 12. Bxe4 Nc6 13. d5 Nb4 14. Bxh7+ Kh8 15. Qb3 Kxh7 16. Qxb4 exd5 17. cxd5 Re8 18. Qc4 c5 19. dxc6 dxc6 20. Qxf7 Qd4 21. 0-0 Qxb2 22. e3 Rf8 23. Qc4 Rxf2 24. Qe4+ Kh8 25. Rxf2 Qxa1+ 26. Rf1 Qxa2 27. Rf4 Kg8 28. Rh4 Qa1+ 29. Kg2 Qa2+ 30. Kh3 Rd8 31. Qh7+ Kf7 32. Rf4+ Ke6 33. Qg6+ Kd7 34. Rf7+ Qxf7 35. Qxf7+ Kd6 36. Qxa7 Kd5 1-0

[Event "Medellin Easter op 11th"]
[Site "Medellin"]
[Date "2023.04.07"]
[Round "4"]
[White "Hernandez Serrano, Cristhian Daniel"]
[Black "Castaneda Jimenez, Jhon David"]
[Result "1/2-1/2"]
[WhiteElo "1795"]
[BlackElo "2120"]
[PlyCount "108"]
[EventDate "2023.04.05"]
[EventType "swiss"]
[EventRounds "7"]
[EventCountry "COL"]
[SourceTitle "CBM 213 Extra"]
[Source "ChessBase"]
[SourceDate "2023.05.31"]
[SourceVersion "1"]
[SourceVersionDate "2023.05.31"]
[SourceQuality "1"]

1. d4 Nf6 2. c4 e6 3. g3 d5 4. Nf3 Be7 5. Bg2 0-0 6. 0-0 dxc4 7. Qc2 a6 8. a4 Bd7 9. Qxc4 Bc6 10. Bg5 Bd5 11. Qc2 Be4 12. Qc1 Nbd7 13. Nbd2 Bd5 14. Qc2 Bxf3 15. Bxf3 c6 16. a5 e5 17. Bxf6 Bxf6 18. Qb3 Rb8 19. d5 cxd5 20. Qxd5 Qe7 21. Ne4 Rfd8 22. Rfd1 Nf8 23. Qb3 Ne6 24. e3 Rxd1+ 25. Rxd1 Rd8 26. Rxd8+ Nxd8 27. Qb6 Qe6 28. Nc5 Qxb6 29. axb6 e4 30. Bxe4 Bxb2 31. Nxb7 Nxb7 32. Bxb7 a5 33. Bd5 Kf8 34. Kf1 Ke7 35. b7 Be5 36. Ke2 Bc7 37. Kd3 f6 38. Kc4 Kd6 39. f4 g5 40. Be4 h6 41. Kb5 Ke6 42. Ka6 a4 43. Ka7 a3 44. Bb1 Kd5 45. b8Q Bxb8+ 46. Kxb8 Kc4 47. fxg5 fxg5 48. e4 h5 49. Kc7 Kd4 50. Kd6 a2 51. Bxa2 Kxe4 52. Bf7 h4 53. gxh4 gxh4 54. h3 Kf5 1/2-1/2

[Event "Bucaramanga Santander-ch"]
[Site "Bucaramanga"]
[Date "2023.04.02"]
[Round "7"]
[White "Guerrero, Gabriel"]
[Black "Hernandez Serrano, Cristhian Daniel"]
[Result "0-1"]
[WhiteElo "1957"]
[BlackElo "1795"]
[PlyCount "82"]
[EventDate "2023.03.31"]
[EventType "swiss"]
[EventRounds "7"]
[EventCountry "COL"]
[SourceTitle "CBM 213 Extra"]
[Source "ChessBase"]
[SourceDate "2023.05.31"]
[SourceVersion "1"]
[SourceVersionDate "2023.05.31"]
[SourceQuality "1"]

1. d4 d5 2. Bf4 Nf6 3. e3 c5 4. c3 Nc6 5. Bd3 Qb6 6. b3 Bg4 7. Ne2 e6 8. 0-0 Be7 9. h3 Bh5 10. a4 cxd4 11. exd4 0-0 12. b4 Qd8 13. a5 a6 14. Nd2 Bd6 15. g4 Bg6 16. Bxg6 hxg6 17. Bxd6 Qxd6 18. f4 Rac8 19. Nb3 Na7 20. Nc5 Qc7 21. Qd3 Nb5 22. Rf3 Nd6 23. Raf1 Nc4 24. Ng3 Nd7 25. g5 Nxc5 26. dxc5 Rcd8 27. Qd4 e5 28. fxe5 Nxe5 29. Rf4 Nc6 30. Qd2 d4 31. c4 Ne5 32. Qa2 Nd3 33. R4f3 Nxb4 34. Qb3 Qxc5 35. Ne4 Qc6 36. Nd2 Qc5 37. h4 d3+ 38. Kg2 Nc2 39. Kh3 Nd4 40. Qxb7 Nxf3 41. Rxf3 Qc8+ 0-1

[Event "Bucaramanga Santander-ch"]
[Site "Bucaramanga"]
[Date "2023.03.31"]
[Round "1"]
[White "Dulcey Buitrago, John Jairo"]
[Black "Hernandez Serrano, Cristhian Daniel"]
[Result "0-1"]
[WhiteElo "1600"]
[BlackElo "1795"]
[PlyCount "46"]
[EventDate "2023.03.31"]
[EventType "swiss"]
[EventRounds "7"]
[EventCountry "COL"]
[SourceTitle "CBM 213 Extra"]
[Source "ChessBase"]
[SourceDate "2023.05.31"]
[SourceVersion "1"]
[SourceVersionDate "2023.05.31"]
[SourceQuality "1"]

1. d4 d5 2. c4 e6 3. Nc3 Nf6 4. cxd5 exd5 5. Bg5 c6 6. Qc2 Be7 7. e3 Nbd7 8. Bd3 Nf8 9. 0-0-0 Ne6 10. Bxf6 Bxf6 11. Nge2 g6 12. f3 0-0 13. Qd2 c5 14. Kb1 cxd4 15. exd4 Nxd4 16. Nxd4 Bxd4 17. Ne2 Bg7 18. Bc2 Qf6 19. Qd4 Qa6 20. Qe3 Bd7 21. Bb3 Rfe8 22. Qf4 Rxe2 23. Rd2 Rae8 0-1

[Event "COL-chT"]
[Site "Bucaramanga"]
[Date "2022.09.09"]
[Round "7.2"]
[White "De la Hoz, Rafael"]
[Black "Hernandez Serrano, Cristhian Daniel"]
[Result "0-1"]
[WhiteElo "1606"]
[BlackElo "1757"]
[PlyCount "72"]
[EventDate "2022.09.06"]
[EventType "team-swiss"]
[EventRounds "7"]
[EventCountry "COL"]
[SourceTitle "CBM 210 Extra"]
[Source "ChessBase"]
[SourceDate "2022.11.30"]
[SourceVersion "1"]
[SourceVersionDate "2022.11.30"]
[SourceQuality "1"]
[WhiteTeam "Magdalena"]
[BlackTeam "Santander Chessfy"]
[WhiteTeamCountry "COL"]
[BlackTeamCountry "COL"]

1. c4 b6 2. Nf3 Bb7 3. g3 Bxf3 4. exf3 c5 5. Bg2 Nc6 6. Nc3 e6 7. d3 Nge7 8. Bg5 h6 9. Bd2 Nf5 10. a3 Be7 11. Rb1 0-0 12. 0-0 Rc8 13. f4 a6 14. Be3 Qc7 15. Qh5 g6 16. Qh3 h5 17. g4 hxg4 18. Qxg4 Kg7 19. Ne4 Nxe3 20. fxe3 f5 21. Qg3 fxe4 22. Bxe4 Rf6 23. Kf2 Rh8 24. Rg1 Rh6 25. h4 e5 26. f5 Rxf5+ 27. Ke2 Bxh4 28. Qg4 Rf2+ 29. Kd1 g5 30. Rh1 Qd8 31. b4 cxb4 32. axb4 b5 33. cxb5 axb5 34. Ra1 Qe7 35. Ra8 Qxb4 36. Qxd7+ Ne7 0-1

[Event "COL-chT"]
[Site "Bucaramanga"]
[Date "2022.09.07"]
[Round "2.2"]
[White "Moreno Hernandez, Andres Mauricio"]
[Black "Hernandez Serrano, Cristhian Daniel"]
[Result "0-1"]
[WhiteElo "1511"]
[BlackElo "1757"]
[PlyCount "64"]
[EventDate "2022.09.06"]
[EventType "team-swiss"]
[EventRounds "7"]
[EventCountry "COL"]
[SourceTitle "CBM 210 Extra"]
[Source "ChessBase"]
[SourceDate "2022.11.30"]
[SourceVersion "1"]
[SourceVersionDate "2022.11.30"]
[SourceQuality "1"]
[WhiteTeam "Santander Gladiatores"]
[BlackTeam "Santander Chessfy"]
[WhiteTeamCountry "COL"]
[BlackTeamCountry "COL"]

1. e4 c5 2. Nf3 d6 3. d4 cxd4 4. Nxd4 Nf6 5. Nc3 Nc6 6. f3 e5 7. Nb3 Be7 8. Be3 Be6 9. Be2 a5 10. a4 0-0 11. 0-0 Nb4 12. f4 exf4 13. Bxf4 Nxc2 14. Qxc2 Qb6+ 15. Nd4 Qxd4+ 16. Kh1 Rac8 17. Rad1 Qb4 18. Qb1 Bb3 19. Rd3 Nxe4 20. Nxe4 Bc2 21. Qa1 Bxd3 22. Bxd3 Qd4 23. Qb1 f5 24. Ng5 Bxg5 25. Bxg5 Rc5 26. h3 h6 27. Bh4 Qxh4 28. Bxf5 Rfxf5 29. Rxf5 Rxf5 30. Qxf5 Qe1+ 31. Kh2 Qe5+ 32. Qxe5 dxe5 0-1

[Event "COL-ch"]
[Site "Boyaca"]
[Date "2022.08.21"]
[Round "8"]
[White "Gonzalez Velasco, Leandro"]
[Black "Hernandez Serrano, Cristhian Daniel"]
[Result "1-0"]
[WhiteElo "2116"]
[BlackElo "1696"]
[PlyCount "87"]
[EventDate "2022.08.17"]
[EventType "swiss"]
[EventRounds "9"]
[EventCountry "COL"]
[SourceTitle "CBM 210 Extra"]
[Source "ChessBase"]
[SourceDate "2022.11.30"]
[SourceVersion "1"]
[SourceVersionDate "2022.11.30"]
[SourceQuality "1"]

1. e4 c5 2. Nf3 d6 3. d4 cxd4 4. Nxd4 Nf6 5. Nc3 Nc6 6. Bg5 Bd7 7. Qd2 Rc8 8. 0-0-0 Nxd4 9. Qxd4 Qa5 10. Bd2 Qc5 11. Qxc5 dxc5 12. h3 e5 13. Bc4 a6 14. a4 Bxa4 15. Nxa4 b5 16. Bb3 bxa4 17. Bxa4+ Ke7 18. Bc3 Nxe4 19. Bxe5 f6 20. Bh2 Kf7 21. Rhe1 Ng5 22. f4 h6 23. fxg5 hxg5 24. Rd7+ Kg6 25. c4 Rh4 26. Bc2+ Kh6 27. b3 Rd4 28. Rxd4 cxd4 29. Re4 Rd8 30. Bd3 Bb4 31. h4 Bc3 32. hxg5+ Kxg5 33. Bf4+ Kh5 34. g4+ Kh4 35. Bd2 Bxd2+ 36. Kxd2 Rb8 37. Bc2 Kg3 38. Rxd4 Rh8 39. c5 Kf3 40. c6 Rc8 41. Rc4 Rd8+ 42. Kc3 a5 43. c7 Rc8 44. Bf5 1-0

[Event "COL-ch U18"]
[Site "Medellin"]
[Date "2022.06.04"]
[Round "7"]
[White "Hernandez Serrano, Cristhian Daniel"]
[Black "Rueda Rojas, Richard Alejandro"]
[Result "0-1"]
[WhiteElo "1746"]
[BlackElo "1499"]
[PlyCount "64"]
[EventDate "2022.06.01"]
[EventType "swiss"]
[EventRounds "9"]
[EventCountry "COL"]
[SourceTitle "CBM 208 Extra"]
[Source "ChessBase"]
[SourceDate "2022.07.31"]
[SourceVersion "1"]
[SourceVersionDate "2022.07.31"]
[SourceQuality "1"]

1. d4 Nf6 2. Nf3 c5 3. c4 cxd4 4. Nxd4 g6 5. g3 Bg7 6. Bg2 0-0 7. Nc3 a6 8. 0-0 d6 9. h3 Nbd7 10. e4 Ne5 11. b3 Bd7 12. Be3 Rc8 13. Rc1 Nc6 14. Qe2 Nxe4 15. Bxe4 Nxd4 16. Bxd4 Bxd4 17. Bxb7 Bxh3 18. Rfd1 Rb8 19. Bxa6 Bxc3 20. Rxc3 Qa5 21. Re3 Qxa6 22. g4 Bxg4 23. Qxg4 Qxa2 24. Rxe7 Rxb3 25. Rxd6 Rb1+ 26. Kg2 Qa1 27. Qd4 Rg1+ 28. Kf3 Qf1 29. Re4 Qh3+ 30. Ke2 Qh5+ 31. Ke3 Re1+ 32. Kd2 Rd1+ 0-1

[Event "Bucaramanga Santander-ch"]
[Site "Bucaramanga"]
[Date "2022.04.09"]
[Round "3"]
[White "Hernandez Serrano, Cristhian Daniel"]
[Black "Martinez, Julian"]
[Result "0-1"]
[WhiteElo "1628"]
[BlackElo "2142"]
[PlyCount "93"]
[EventDate "2022.04.08"]
[EventType "swiss"]
[EventRounds "8"]
[EventCountry "COL"]
[SourceTitle "CBM 207 Extra"]
[Source "ChessBase"]
[SourceDate "2022.05.31"]
[SourceVersion "1"]
[SourceVersionDate "2022.05.31"]
[SourceQuality "1"]

1. d4 Nf6 2. c4 c5 3. Nf3 cxd4 4. Nxd4 Nc6 5. Nc3 Qb6 6. e3 a6 7. Be2 g6 8. 0-0 Bg7 9. b3 0-0 10. Bb2 d6 11. Rc1 Bd7 12. Na4 Qc7 13. c5 Nxd4 14. Bxd4 Bxa4 15. bxa4 Rad8 16. Qb3 d5 17. c6 bxc6 18. Bb6 Qe5 19. Bxd8 Rxd8 20. Rxc6 Ne4 21. Qc2 Bf6 22. Rc8 Rxc8 23. Qxc8+ Kg7 24. Bd3 a5 25. Qa8 Nc5 26. Bb5 d4 27. exd4 Qxd4 28. Qxa5 Ne4 29. Qe1 Nd2 30. a5 Nxf1 31. Kxf1 Qb2 32. a4 Bc3 33. Qd1 Bxa5 34. g3 e6 35. Qf3 Qc1+ 36. Kg2 Qc7 37. h4 h5 38. g4 hxg4 39. Qxg4 Qe5 40. Be8 Kf8 41. Bc6 Bc7 42. Bb5 Qh2+ 43. Kf1 Bb6 44. Qg3 Qh1+ 45. Ke2 Bd8 46. Qc3 Qxh4 47. a5 0-1